000 00274nam a22001217a 4500
020 _aNA
082 _222
_a690.05
100 _aDeodhar, S. V.
245 _aBuidling science and planning /
260 _bKhanna Publishers,
_cc2005.
300 _a0
_bill. ;
942 _2ddc
_cCIVIL
999 _c3971
_d3971